000 00209nam a22000977a 4500
999 _c16235
_d16235
003 OSt
008 200625b ||||| |||| 00| 0 eng d
100 _adev
_94634
245 _a Theranjedutha kathakal
942 _cBK